000 00893nam a2200277Ia 4500
003 OSt
005 20221005092106.0
006 a|||||r|||| 00| 0
007 ta
008 221004b |||||||| |||| 00| 0 eng d
020 _a9781138670624 (hbk)
_cUKP 110.00
024 _a36606
037 _bBBS/122, 02/02/2018, Better Book Service
_cTextual
040 _aCRL
_cCRL
_beng
041 _2eng
_aeng
082 _aR, Q7
100 _aPereplyotchik David Ed.
_9445030
245 0 _aSellars and contemporary philosophy
260 _aNew York
_bRoutedge USA
_c2017
300 _axi,263p.
_ccm.
490 _aRoutledge studies in American philosophy
650 _aPHILOSOPHY
700 _a Barnbaum Deborah R. Ed.
_9445031
942 _hR, Q7
_cTEXL
_2cc
999 _c998318
_d998318